| 000 -ლიდერი |
| ფიქსირებული სიგრძის საკონტროლო ველი |
01256nam a22002417a 4500 |
| 003 - საკონტროლო ნომრის იდენტიფიკატორი |
| საკონტროლო ველი |
Ge_BSU |
| 005 - ბოლო ოპერაციის თარიღი და დრო |
| საკონტროლო ველი |
20201019141519.0 |
| 008 - ფიქსირებული სიგრძის მონაცემთა ელემენტები - ზოგადი ინფორმაცია |
| ფიქსირებული სიგრძის საკონტროლო ველი |
191224s2009 ge ||||| |||| 00| 0 geo d |
| 020 ## - წიგნის საერთაშორისო სტანდარტული ნომერი |
| International Standard Book Number |
9789994098545 |
| 041 ## - ენის კოდი |
| Language code of text/sound track or separate title |
geo |
| 080 ## - უნივერსალური ათობითი კლასიფიკაციის ინდექსი |
| Universal Decimal Classification number |
340.1(075.8) + 321.01(075.8) ი-36 |
| 100 ## - მთავარი ჩანაწერი - პიროვნების სახელი |
| Personal name |
ივანოვი, ა.ა. |
| 9 (RLIN) |
3264 |
| 245 ## - ცნობა სათაურის შესახებ |
| Title |
სახელმწიფოსა და სამართლის თეორია : |
| Remainder of title |
[უმაღლ. სასწ. დაწეს. სტუდ.] / |
| Statement of responsibility, etc |
ა.ა. ივანოვი, ნ. დარბაიძე ; [რედ.: ნოდარ ერიაშვილი (მთ. რედ.), სერგო ბარამიძე]. |
| 264 ## - წარმოების, გამოცემის, დისტრიბუციის და სხვა ცნობები |
| გამოცემის, წარმოების, დისტრიბუციის... ადგილი |
თბილისი : |
| გამოცემის, წარმოების, დისტრიბუციის... სახელწოდება |
სამართლიანი საქართველო, |
| გამოცემის, წარმოების, დისტრიბუციის... თარიღი |
2009. |
| 300 ## - ფიზიკური აღწერა |
| Extent |
190 გვ. ; |
| Other physical details |
21 სმ. |
| 490 ## - სერიის ცნობა |
| Series statement |
გამოცდა |
| 504 ## - BIBLIOGRAPHY, ETC. NOTE |
| Bibliography, etc |
ბიბლიოგრ.: გვ. 181-183. |
| 653 ## - INDEX TERM--UNCONTROLLED |
| Uncontrolled term |
სახელმწიფოს თეორია |
| 653 ## - INDEX TERM--UNCONTROLLED |
| Uncontrolled term |
სამართლის თეორია |
| 700 ## - ADDED ENTRY--PERSONAL NAME |
| Personal name |
დარბაიძე, ნ. |
| Relator term |
ავტორი |
| 9 (RLIN) |
5933 |
| 700 ## - ADDED ENTRY--PERSONAL NAME |
| Personal name |
ბარამიძე, სერგო |
| Relator term |
რედაქტორი |
| 9 (RLIN) |
5934 |
| 942 ## - ADDED ENTRY ELEMENTS (KOHA) |
| Source of classification or shelving scheme |
|
| Koha item type |
წიგნი |